000 00364 a2200157 4500
001 61007
020 _a8501039691
040 _cAnchieta - Pituba
100 _aCarter, Forrest
240 1 0 _aO aprendizado de pequena árvore
_lpor
245 1 0 _aO aprendizado de pequena árvore
300 _a253
362 0 _a2005
650 4 _aLiteratura juvenil
942 _cBK
999 _c61007
_d61007